Statistics for NBA Players who was in more than 2 teams

Click here to take the quiz!

General Stats

  • This quiz has been taken 42 times
  • The average score is 23 of 47

Answer Stats

PlayerSeasonsTeam% Correct
Shaquille O'Neal1996-2004Los Angeles Lakers
100%
Shaquille O'Neal2004-2008Miami Heat
100%
Shaquille O'Neal1992-1996Orlando Magic
100%
Shaquille O'Neal2010-2011Boston Celtics
97%
Shaquille O'Neal2008-2009Phoenix Suns
94%
Shaquille O'Neal2009-2010Cleveland Cavaliers
90%
Jason Kidd2001-2008New Jersey Nets
90%
Patrick Ewing1985-2000New York Knicks
90%
Jason Kidd1994-1996Dallas Mavericks
87%
Jason Kidd2008-2012Dallas Mavericks
84%
Jason Kidd1996-2001Phoenix Suns
77%
Derek Fisher1996-2004Los Angeles Lakers
74%
Robert Horry1997-2003Los Angeles Lakers
65%
Jason Kidd2012-2013New York Knicks
65%
Robert Horry2003-2008San Antonio Spurs
65%
Derek Fisher2007-2012Los Angeles Lakers
61%
Robert Horry1992-1996Houston Rockets
58%
Derek Fisher2013-2014Oklahoma City Thunder
55%
Ron Harper1994-1999Chicago Bulls
52%
Sam Cassell1993-1996Houston Rockets
52%
Ron Harper1999-2001Los Angeles Lakers
52%
Patrick Ewing2001-2002Orlando Magic
48%
Moses Malone1982-1986Philadelphia 76ers
48%
Derek Fisher2012Oklahoma City Thunder
45%
Moses Malone1976-1982Houston Rockets
42%
Sam Cassell2003-2005Minnesota Timberwolves
35%
Sam Cassell1999-2003Milwaukee Bucks
32%
Derek Fisher2006-2007Utah Jazz
32%
Sam Cassell2008Boston Celtics
29%
Ron Harper1989-1994Los Angeles Clippers
29%
Sam Cassell2005-2008Los Angeles Clippers
29%
Patrick Ewing2000-2001Seattle Supersonics
29%
Derek Fisher2012Dallas Mavericks
26%
Derek Fisher2004-2006Golden State Warriors
26%
Sam Cassell1997-1999New Jersey Nets
26%
Ron Harper1986-1989Cleveland Cavaliers
23%
Moses Malone1994-1995San Antonio Spurs
23%
Moses Malone1991-1993Milwaukee Bucks
19%
Robert Horry1996-1997Phoenix Suns
19%
Moses Malone1975-1976 ( ABA )Spirits of St. Louis
19%
Moses Malone1988-1991Atlanta Hawks
16%
Sam Cassell1996-1997Dallas Mavericks
16%
Sam Cassell1996Phoenix Suns
16%
Moses Malone1974-1975 ( ABA )Utah Stars
16%
Moses Malone1986-1988Washington Bullets
16%
Moses Malone1993-1994Philadelphia 76ers
13%
Moses Malone1976Buffalo Braves
10%

Score Distribution

Percentile by Number Answered

Percent of People with Each Score

Your Score History

You have not taken this quiz